| 000 | 00480cam a22001934a 4500 | ||
|---|---|---|---|
| 020 | _a0072297662 | ||
| 040 | _cDLC | ||
| 082 | 0 | 0 | _a500 HIL 2001 A060 Or. |
| 100 | 1 | _aTillery, Bill W. | |
| 245 | 1 | 0 | _aIntegrated science / |
| 250 | _a1st ed. | ||
| 260 |
_aBoston : _bMcGraw Hill, _c2001. |
||
| 300 |
_axv, 861 p. : _bill. (some col.) ; _c28 cm. |
||
| 500 | _aIncludes index. | ||
| 650 | 0 | _aScience. | |
| 700 | 1 | _aEnger, Eldon D. | |
| 700 | 1 | _aRoss, Frederick C. | |
| 942 | _cEK | ||
| 999 |
_c14249 _d14249 |
||